[Event "Medellin Sub zt 2.3.2"]
[Site "Medellin"]
[Date "2025.04.18"]
[Round "8"]
[White "Torres Orozco, Adrian de Jesus"]
[Black "Manotas Sanchez, Franklin"]
[Result "1/2-1/2"]
[WhiteElo "1559"]
[BlackElo "1856"]
[PlyCount "59"]
[EventDate "2025.04.14"]
[EventType "swiss"]
[EventRounds "9"]
[EventCountry "COL"]
[SourceTitle "CB18_2025"]
[SourceDate "2025.04.30"]
[SourceVersion "1"]
[SourceVersionDate "2025.04.30"]
[SourceQuality "1"]

1. e4 c5 2. Nf3 Nc6 3. d4 cxd4 4. Nxd4 e5 5. Nb5 d6 6. N1c3 a6 7. Na3 Be7 8. Nd5 Nf6 9. Be3 0-0 10. Nxf6+ Bxf6 11. c4 Be6 12. Be2 Rc8 13. 0-0 Qe7 14. Qd2 Rfd8 15. Bb6 Rd7 16. Nc2 Bg5 17. Be3 Bxe3 18. Nxe3 Nd4 19. Bd3 Qg5 20. Kh1 h5 21. Rfd1 Qh4 22. Rac1 g6 23. Nd5 Bxd5 24. cxd5 Rdc7 25. Kg1 Qg4 26. Kh1 h4 27. h3 Qh5 28. Rxc7 Rxc7 29. Rc1 Rd7 30. Qd1 1/2-1/2

[Event "Barranquilla op"]
[Site "Barranquilla"]
[Date "2025.02.27"]
[Round "6"]
[White "Gomez Acuna, Geisson"]
[Black "Manotas Sanchez, Franklin"]
[Result "0-1"]
[WhiteElo "1600"]
[BlackElo "1906"]
[PlyCount "70"]
[EventDate "2025.02.24"]
[EventType "swiss"]
[EventRounds "8"]
[EventCountry "COL"]
[SourceTitle "CB10_2025"]
[SourceDate "2025.03.05"]
[SourceVersion "1"]
[SourceVersionDate "2025.03.05"]
[SourceQuality "1"]

1. d4 d5 2. Nc3 f5 3. Bg5 Nf6 4. Bxf6 exf6 5. e3 c6 6. Bd3 Bd6 7. Nge2 Qe7 8. Qd2 Be6 9. a3 Nd7 10. 0-0-0 b5 11. f3 a5 12. e4 fxe4 13. fxe4 b4 14. exd5 bxc3 15. Nxc3 Bxa3 16. dxe6 Nb6 17. d5 Qb4 18. Qe3 Bxb2+ 19. Kd2 Bxc3+ 20. Ke2 Nxd5 21. Qg3 0-0 22. Rhf1 Be5 23. Qh3 g6 24. Qh6 Qg4+ 25. Rf3 Nc3+ 26. Ke1 Nxd1 27. Kxd1 Rfe8 28. h3 Qxg2 29. Qe3 Rad8 30. Kc1 Rb8 31. Rf2 Qd5 32. Qh6 Bb2+ 33. Kd1 Rxe6 34. Qf4 Rbe8 35. Qc4 Kg7 0-1